00669nam a22001697a 450000500170000001000130001702000260003003500120005603700160006808200080008410000240009224501540011624600950027026000530036527000590041830000220047720221209152543.0 aUR-11785 a9789392496189c250.00 aU-10340 bDBAD/PUBa- a270 aمقبول احمد aحید رآباد کے‏ غیر مسلم گر ہوں میں مسلمانوں کے بارے میں خیالات /cمقبول احمدhا ر د و aHyderabad ke Ghair muslim grohon mein musalmanon ke bare mein khayalat /bby Maqbool Ahmed aNew DelhibEducational Publishing Housec2021 ء aH.o. D1/16, Ansari Road, Darya GanjbNew Delhie110002 a225 صc21cm(pbk)